000 00376nam a22001457a 4500
005 20250924095959.0
008 250924b |||||||| |||| 00| 0 eng d
020 _a9780333392423
050 _aSF 61
_bMAC
100 _aMACDONALD IAN
245 _aLIVESTOCK REARING IN THE TROPICS
260 _aLONDON
_bMACMILLAN EDUCATION LTD
_cc1985
300 _av,138p
942 _2lcc
_cBK
_n0
999 _c7669
_d7669